Winless Champions League Teams - Statistics

General Stats
  • This quiz has been taken 182 times
    35 since last reset
  • The average score is 8 of 22
Answer Stats
Teams % Correct
FC Kairat
71%
Rapid Wien
68%
Genk
65%
Slovan Bratislava
56%
Astana
53%
AZ
47%
Midtjylland
47%
Levski Sofia
41%
Partizan
41%
Bursaspor
32%
Nordsjælland
32%
1899 Hoffenheim
29%
AIK
29%
Union Berlin
29%
Montpellier
26%
Oțelul Galați
24%
Rennes
24%
Debrecen
21%
Willem II
21%
Košice
18%
Žilina
18%
Lierse
15%
No matching quizzes found
Score Distribution
Percent of People with Each Score
Percentile by Number Answered
Your Score History
You have not taken this quiz since the last reset